| 000 | 00449nam a2200145 4500 | ||
|---|---|---|---|
| 999 |
_c1722 _d1722 |
||
| 008 | 200131b ||||| |||| 00| 0 eng d | ||
| 082 | 0 | 0 |
_a623.81 _bN9612 |
| 110 |
_9680 _aNational Physical Laboratory |
||
| 245 | 1 | 0 |
_aEngineering science group research - Vol. 2 / _cby National Physical Laboratory |
| 260 |
_aLondon _bH.M.S.O. _c1972 |
||
| 300 | _avii, 71 p. | ||
| 500 | _aMarine and fluid dynamics | ||
| 650 | 0 | _aMarine Engineering | |
| 942 |
_2ddc _cBK |
||